| 000 | 00605nam a22002057a 4500 | ||
|---|---|---|---|
| 999 |
_c4637 _d4637 |
||
| 003 | AR-CdUCM | ||
| 008 | 190311b ||||| |||| 00| 0 spa d | ||
| 040 |
_aMUNICIPALIDAD PROVINCIAL DEL CUSCO _cBIBLIOTECA MUNICIPAL DEL CUSCO |
||
| 082 |
_a869.56 / _bC29 |
||
| 100 |
_aCarpio Villafuerte, Raúl _914447 |
||
| 245 | _aEl Árbol Mágico / | ||
| 260 |
_aLima : _c1989. |
||
| 300 |
_a34 páginas ; _bIlustraciones _c20cm |
||
| 505 | _aContenido : Cuentos | ||
| 650 |
_aCuentos peruanos _97 |
||
| 650 |
_aCuentos folclóricos _914448 |
||
| 710 |
_aCONCYTEC _92809 |
||
| 942 |
_2ddc _cLIBROS |
||
| 945 | _anom | ||